The human species : (Record no. 30053)

MARC details
000 -LEADER
fixed length control field 00999cam a2200325 i 4500
001 - CONTROL NUMBER
control field AKL8030BB
003 - CONTROL NUMBER IDENTIFIER
control field EG-ScBUE
005 - DATE AND TIME OF LATEST TRANSACTION
control field 20221129102554.0
008 - FIXED-LENGTH DATA ELEMENTS--GENERAL INFORMATION
fixed length control field 780308s1961 enka f 000 0 eng d
035 ## - SYSTEM CONTROL NUMBER
System control number (InU)AKL8030BB
035 ## - SYSTEM CONTROL NUMBER
System control number (OCoLC)ocm03695074
040 ## - CATALOGING SOURCE
Original cataloging agency DLC
Language of cataloging eng
Description conventions rda
Transcribing agency VVB
Modifying agency VVB
-- SER
-- IUP
-- EG-ScBUE
082 04 - DEWEY DECIMAL CLASSIFICATION NUMBER
Classification number 572
Edition number 22
Item number BAR
100 1# - MAIN ENTRY--PERSONAL NAME
Personal name Barnett, S. A.
Fuller form of name (Samuel Anthony),
Dates associated with a name 1915-2003,
Relator term author.
245 14 - TITLE STATEMENT
Title The human species :
Remainder of title a biology of man /
Statement of responsibility, etc Anthony Barnett.
250 ## - EDITION STATEMENT
Edition statement Revised edition.
264 #1 - PUBLICATION, DISTRIBUTION, ETC. (IMPRINT)
Place of publication, distribution, etc Middlesex :
Name of publisher, distributor, etc Penguin Books,
Date of publication, distribution, etc 1961.
300 ## - PHYSICAL DESCRIPTION
Extent 354 pages
Other physical details illustrations ;
Dimensions 19 cm
336 ## - CONTENT TYPE
Source rdacontent
Content type term text
Content type code txt
337 ## - MEDIA TYPE
Source rdamedia
Media type term unmediated
Media type code n
338 ## - CARRIER TYPE
Source rdacarrier
Carrier type term volume
Carrier type code nc
650 #7 - SUBJECT ADDED ENTRY--TOPICAL TERM
Topical term or geographic name as entry element Anthropology.
Source of heading or term BUEsh
650 #7 - SUBJECT ADDED ENTRY--TOPICAL TERM
Topical term or geographic name as entry element Physical anthropology.
Source of heading or term BUEsh
650 #7 - SUBJECT ADDED ENTRY--TOPICAL TERM
Topical term or geographic name as entry element Human biology.
Source of heading or term BUEsh
653 ## - INDEX TERM--UNCONTROLLED
Resource For college Generalities
Arrived date list November2022
655 ## - INDEX TERM--GENRE/FORM
Form subdivision Reading book
942 ## - ADDED ENTRY ELEMENTS (KOHA)
Source of classification or shelving scheme Dewey Decimal Classification
Koha item type Book - Borrowing
998 ## - LOCAL CONTROL INFORMATION (RLIN)
Cataloger\'s initials, CIN (RLIN) 8/31/1998
Holdings
Withdrawn status Lost status Source of classification or shelving scheme Damaged status Not for loan Collection code Home library Current library Shelving location Date acquired Source of acquisition Total Checkouts Full call number Barcode Date last seen Price effective from Koha item type
    Dewey Decimal Classification     Donation-Gift Central Library Central Library First floor 29/11/2022 Donation   572 BAR 000056580 15/07/2025 29/11/2022 Book - Borrowing